Anglo Italian Cup Finalists 1970-1996 - Statistics

General Stats
  • This quiz has been taken 6 times
  • The average score is 10 of 42
Answer Stats
Season Winner/Runner Up Finalist % Correct
1996 Winner Genoa
80%
1978 Winner Udinese
80%
1971 Winner Blackpool
60%
1972 Runner Up Blackpool
60%
1971 Runner Up Bologna
60%
1993 Runner Up Derby
60%
1994 Runner Up Notts County
60%
1995 Winner Notts County
60%
1972 Winner Roma
60%
1970 Winner Swindon
60%
1993 Winner Cremonese
40%
1976 Winner Lecce
40%
1970 Runner Up Napoli
40%
1995 Runner Up Ascoli
20%
1994 Winner Brescia
20%
1973 Runner Up Fiorentina
20%
1977 Winner Lecco
20%
1985 Runner Up Livorno
20%
1981 Winner Modena
20%
1982 Winner Modena
20%
1975 Runner Up Monza
20%
1976 Winner Monza
20%
1973 Winner Newcastle
20%
1983 Runner Up Padova
20%
1976 Runner Up Wimbledon
20%
1977 Runner Up Bath
0%
1978 Runner Up Bath
0%
1979 Runner Up Chieti
0%
1983 Winner Cosenza
0%
1984 Winner Francavilla
0%
1986 Winner Piacenza Calcio
0%
1985 Winner Pontedera
0%
1986 Runner Up Pontedera
0%
1981 Runner Up Poole
0%
1996 Runner Up Port Vale
0%
1976 Runner Up Scarborough
0%
1979 Winner Sutton
0%
1980 Runner Up Sutton
0%
1982 Runner Up Sutton
0%
1984 Runner Up Teramo
0%
1980 Winner Triestina
0%
1975 Winner Wycombe
0%
No matching quizzes found
Score Distribution
Percent of People with Each Score
Percentile by Number Answered
Your Score History
You have not taken this quiz